Countries by Proven Natural Gas Reserves - Statistics

General Stats
  • This quiz has been taken 187 times
  • The average score is 15 of 20
Answer Stats
Mil. Answer % Correct
10 United States
100%
48 Russia
99%
2.0 Canada
94%
34 Iran
94%
8.5 Saudi Arabia
94%
3.5 Iraq
89%
25 Qatar
89%
6.0 United Arab Emirates
85%
1.8 Kuwait
82%
2.4 Kazakhstan
79%
1.9 Norway
75%
4.5 Algeria
73%
3.2 Indonesia
72%
5.6 Venezuela
71%
5.1 Nigeria
68%
2.2 Egypt
65%
7.5 Turkmenistan
59%
1.8 Uzbekistan
58%
2.6 Azerbaijan
51%
2.9 Mozambique
16%
No matching quizzes found
Score Distribution
Percent of People with Each Score
Percentile by Number Answered
Your Score History
You have not taken this quiz